Changes in planning and transport policy: Impact on leisure property (Record no. 66515)
[ view plain ]
| 000 -LEADER | |
|---|---|
| fixed length control field | 01311cam a2200277 4500 |
| 001 - CONTROL NUMBER | |
| control field | ABS63745 |
| 008 - FIXED-LENGTH DATA ELEMENTS--GENERAL INFORMATION | |
| fixed length control field | 000000n2001 000 0 eng u |
| 035 ## - SYSTEM CONTROL NUMBER | |
| System control number | (Sirsi) u111628 |
| 100 ## - MAIN ENTRY--PERSONAL NAME | |
| Personal name | Iyer, A. |
| 245 ## - TITLE STATEMENT | |
| Title | Changes in planning and transport policy: Impact on leisure property |
| 260 ## - PUBLICATION, DISTRIBUTION, ETC. | |
| Date of publication, distribution, etc. | 2001 |
| 490 ## - SERIES STATEMENT | |
| Series statement | Journal of Leisure Property |
| Volume/sequential designation | 1(2) 2001, 136-146(11) |
| 520 ## - SUMMARY, ETC. | |
| Summary, etc. | Reviews recent changes to planning policy guidance notes that relate to transport issues and are likely to affect the selection of sites for leisure developments. Looks at: PPG6 (Town Centres and Retail Developments); PPG13 (Transport); Draft PPG13; and PPG17 (Sport and Recreation). Examines the likely impact of these documents. Also highlights possible opportunities they present to the leisure developer Discusses Valley Centertainment in Sheffield, a working example of government's new planning and transport policies for leisure developments. |
| 590 ## - LOCAL NOTE (RLIN) | |
| Local note | ABS |
| 650 ## - SUBJECT ADDED ENTRY--TOPICAL TERM | |
| Topical term or geographic name entry element | PLANNING POLICY GUIDANCE NOTES |
| 650 ## - SUBJECT ADDED ENTRY--TOPICAL TERM | |
| Topical term or geographic name entry element | PLANNING POLICY GUIDANCE NOTE SIX |
| 650 ## - SUBJECT ADDED ENTRY--TOPICAL TERM | |
| Topical term or geographic name entry element | PLANNING POLICY GUIDANCE NOTE 13 |
| 650 ## - SUBJECT ADDED ENTRY--TOPICAL TERM | |
| Topical term or geographic name entry element | PPG17 |
| 650 ## - SUBJECT ADDED ENTRY--TOPICAL TERM | |
| Topical term or geographic name entry element | TRANSPORT |
| 650 ## - SUBJECT ADDED ENTRY--TOPICAL TERM | |
| Topical term or geographic name entry element | PARKING |
| 650 ## - SUBJECT ADDED ENTRY--TOPICAL TERM | |
| Topical term or geographic name entry element | PLANNING |
| 650 ## - SUBJECT ADDED ENTRY--TOPICAL TERM | |
| Topical term or geographic name entry element | LEISURE PROPERTY |
| 650 ## - SUBJECT ADDED ENTRY--TOPICAL TERM | |
| Topical term or geographic name entry element | DEVELOPMENT |
| 690 ## - LOCAL SUBJECT ADDED ENTRY--TOPICAL TERM (OCLC, RLIN) | |
| Topical term or geographic name as entry element | LEISURE AND RECREATION |
| 942 ## - ADDED ENTRY ELEMENTS (KOHA) | |
| Suppress in OPAC | 0 |
| Withdrawn status | Lost status | Source of classification or shelving scheme | Damaged status | Not for loan | Home library | Current library | Shelving location | Date acquired | Total Checkouts | Full call number | Barcode | Date last seen | Copy number | Price effective from | Koha item type |
|---|---|---|---|---|---|---|---|---|---|---|---|---|---|---|---|
| Dewey Decimal Classification | London | London | Journal article | 23/03/2001 | ABS63745 | 111628-1001 | 06/08/2019 | 1 | 06/08/2019 | Journal article |